| 000 | 00570nam a2200205Ia 4500 | ||
|---|---|---|---|
| 005 | 20250923150012.0 | ||
| 008 | 008 250917s9999 xx 000 0 eng d | ||
| 037 | _aTextual | ||
| 040 |
_aDSWL _beng _cDSWL |
||
| 041 |
_aeng _2eng |
||
| 084 |
_aY11-68, N94 _qDSWL |
||
| 100 |
_aWarren, David _9841175 |
||
| 245 | 0 |
_aBlindness and children _c by David Warren |
|
| 260 |
_aNew York _b Cambridge University Press _c1994 |
||
| 300 | _avii,380 p. | ||
| 365 |
_aGBP _b17.95 |
||
| 925 | _g17.95 | ||
| 942 |
_cTEXL _hY11-68, N94 |
||
| 999 |
_c1458374 _d1458374 |
||